[Event "ICS rated blitz match"]
[Site "204.178.125.65"]
[Date "2001.01.18"]
[Round "?"]
[White "Hossa"]
[Black "QuarkX"]
[Result "1-0"]
[WhiteElo "2508"]
[BlackElo "2467"]
[PlyCount "91"]
[EventDate "2001.??.??"]

1. e4 d6 2. d4 Nf6 3. Nc3 Nbd7 4. Nf3 e5 5. Bc4 Be7 6. Ng5 O-O 7. Bxf7+ Rxf7 8.
Ne6 Ng4 9. Nxd8 Nxf2 10. Qe2 Bxd8 11. O-O exd4 12. Nb1 d3 13. cxd3 Nxd3 14.
Qxd3 Nc5 15. Qc2 Rxf1+ 16. Kxf1 b6 17. Nd2 Ba6+ 18. Nc4 Bf6 19. Be3 Bxb2 20.
Rb1 Bf6 21. Bxc5 bxc5 22. Qa4 Bxc4+ 23. Qxc4+ Kf8 24. Rb7 Rc8 25. Qe6 Re8 26.
Qd7 Re7 27. Qd8+ Kf7 28. Rxc7 Rxc7 29. Qxc7+ Ke6 30. Ke2 Be5 31. Qxa7 h6 32.
Qc7 Kf6 33. Qd8+ Kg6 34. Qf8 h5 35. Qf5+ Kh6 36. h4 g6 37. Qf7 Bh2 38. a4 Be5
39. a5 d5 40. a6 Bg7 41. exd5 c4 42. a7 c3 43. a8=Q c2 44. Qag8 c1=N+ 45. Kf1
Be5 46. Qgxg6# {QuarkX checkmated} 1-0

[Event "ICS rated blitz match"]
[Site "204.178.125.65"]
[Date "2001.01.18"]
[Round "?"]
[White "Hossa"]
[Black "mambrino"]
[Result "1-0"]
[WhiteElo "2522"]
[BlackElo "2012"]
[PlyCount "121"]
[EventDate "2001.??.??"]

1. e4 e6 2. d4 d5 3. Nd2 c5 4. exd5 Qxd5 5. Ngf3 cxd4 6. Bc4 Qd6 7. O-O Nf6 8.
Nb3 Nc6 9. Nbxd4 Nxd4 10. Nxd4 Bd7 11. c3 Be7 12. Qe2 O-O 13. Rd1 Qc7 14. Bg5
a6 15. Nf5 Bd8 16. Nd6 Bc6 17. Bf4 Qb6 18. Nxf7 Rxf7 19. Bxe6 Be8 20. Rd2 Bc7
21. Bxc7 Qxc7 22. Re1 Kf8 23. Bxf7 Bxf7 24. Qd1 Re8 25. Rxe8+ Bxe8 26. Rd8 Ke7
27. Ra8 Bc6 28. Qd2 Qd7 29. Qd4 Qxd4 30. cxd4 Ke6 31. Rd8 Nd7 32. Re8+ Kf7 33.
Re1 Bd5 34. b3 Be6 35. Rc1 Ke7 36. f3 Kd6 37. g3 Bd5 38. Kf2 Bc6 39. h3 Kd5 40.
Ke3 b5 41. Rd1 Nf8 42. f4 g6 43. g4 Bd7 44. Rc1 Kd6 45. Re1 Ne6 46. f5 gxf5 47.
gxf5 Nc7 48. Kf4 Nd5+ 49. Kg5 h6+ 50. Kxh6 Bxf5 51. h4 Nb4 52. Kg5 Be6 53. Re2
Bd5 54. h5 Bg8 55. h6 Bh7 56. Kf6 Bd3 57. Re6+ Kd5 58. Re7 Nc6 59. Rd7+ Ke4 60.
h7 Nxd4 61. h8=Q {mambrino resigns} 1-0

[Event "ICS rated blitz match"]
[Site "204.178.125.65"]
[Date "2001.01.18"]
[Round "?"]
[White "mambrino"]
[Black "Hossa"]
[Result "0-1"]
[WhiteElo "2010"]
[BlackElo "2524"]
[PlyCount "67"]
[EventDate "2001.??.??"]

1. e4 e5 2. Nf3 Nc6 3. Bb5 a6 4. Ba4 Nf6 5. O-O Be7 6. d3 b5 7. Bb3 d6 8. c3
O-O 9. Nbd2 Bb7 10. Re1 Qd7 11. Nf1 a5 12. a4 b4 13. Ng3 bxc3 14. bxc3 Rab8 15.
Bc4 Ba8 16. Qc2 Rb7 17. Qa2 Bd8 18. Bg5 Ng4 19. Bxd8 Qxd8 20. h3 Nf6 21. d4 Qd7
22. Bb5 exd4 23. Nxd4 Rbb8 24. Ngf5 Rfe8 25. Rab1 Rxe4 26. Rxe4 Nxe4 27. Bxc6
Qd8 28. Bxa8 Rxa8 29. Qd5 Nxc3 30. Ne7+ Kf8 31. Nec6 Nxd5 32. Nxd8 Rxd8 33. g3
c5 34. Rb5 {mambrino resigns} 0-1

[Event "ICS rated bullet match"]
[Site "204.178.125.65"]
[Date "2001.01.18"]
[Round "?"]
[White "Hossa"]
[Black "PostModernist"]
[Result "1/2-1/2"]
[WhiteElo "2511"]
[BlackElo "2483"]
[PlyCount "210"]
[EventDate "2001.??.??"]

1. e4 e6 2. d4 d5 3. Nd2 c5 4. exd5 exd5 5. Ngf3 a6 6. Be2 Nf6 7. O-O Be7 8.
dxc5 Bxc5 9. Nb3 Ba7 10. Bg5 O-O 11. c4 dxc4 12. Qxd8 Rxd8 13. Bxf6 gxf6 14.
Bxc4 Nc6 15. Rfe1 b5 16. Be2 Be6 17. Rec1 Nb4 18. Nfd2 Nxa2 19. Rxa2 Rxd2 20.
Nxd2 Bxa2 21. b3 Re8 22. Bg4 f5 23. Bf3 Bd4 24. h3 b4 25. Bd5 Rd8 26. Rc2 Rxd5
27. Rxa2 Be5 28. Kf1 Bc7 29. g3 Rd3 30. Ke2 Rd6 31. Nc4 Re6+ 32. Kf3 f4 33.
gxf4 Rf6 34. Ne3 Rxf4+ 35. Kg2 Rd4 36. Rxa6 Rd3 37. Nf5 h5 38. Nh6+ Kg7 39.
Nf5+ Kh7 40. Rc6 Rc3 41. Rh6+ Kg8 42. Rxh5 Bd8 43. Ne3 Rxb3 44. Rb5 Be7 45. Nf5
Bf8 46. Rb8 Ra3 47. h4 Ra5 48. Nd4 Re5 49. Nc6 Re4 50. f3 Rc4 51. Ne7+ Kg7 52.
Nf5+ Kf6 53. Rxf8 Kxf5 54. Rxf7+ Kg6 55. Rb7 Rxh4 56. Kf2 Kf5 57. Ke3 Ke6 58.
Rb8 Kd5 59. Rd8+ Kc4 60. Rc8+ Kb3 61. Rc7 Ka3 62. Ra7+ Kb2 63. Rb7 b3 64. Kd3
Ra4 65. Rb6 Ka2 66. Kc3 Ra8 67. f4 Rc8+ 68. Kd4 Rd8+ 69. Kc3 Rc8+ 70. Kd4 Rf8
71. Kc3 Rxf4 72. Ra6+ Kb1 73. Kxb3 Rf7 74. Kc3 Rg7 75. Kd3 Kc1 76. Ke3 Kc2 77.
Kf3 Rh7 78. Kg3 Kd2 79. Kg4 Kd3 80. Kg5 Rh8 81. Kg6 Ke3 82. Kg7 Rh5 83. Kg8 Ke4
84. Kf8 Rh3 85. Kg8 Kf4 86. Kf8 Kg5 87. Kg8 Rh5 88. Kf8 Rh4 89. Kg7 Kg4 90. Kg8
Kf4 91. Kf8 Kf5 92. Kg8 Rh5 93. Kf8 Kg5 94. Ke8 Kf5 95. Kf8 Kg4 96. Kg7 Kh4 97.
Kg8 Kg4 98. Kf8 Kg3 99. Kg8 Rh4 100. Kf8 Kg4 101. Kg8 Rh5 102. Kf8 Kg3 103. Kg8
Rh4 104. Kf8 Kg4 105. Kg8 Rh5 {Game drawn by repetition} 1/2-1/2

[Event "ICS Rated blitz match"]
[Site "204.178.125.65"]
[Date "2001.01.18"]
[Round "?"]
[White "gambitmaster"]
[Black "Hossa"]
[Result "1-0"]
[WhiteElo "2524"]
[BlackElo "2528"]
[PlyCount "193"]
[EventDate "2001.??.??"]

1. d4 Nf6 2. c4 e6 3. Nc3 Bb4 4. a3 Bxc3+ 5. bxc3 c5 6. e3 Qa5 7. Bd2 Ne4 8.
Bd3 Nxd2 9. Qxd2 cxd4 10. exd4 d6 11. Nf3 O-O 12. O-O f6 13. Rfb1 Qc7 14. Qc2
g6 15. Qe2 Nc6 16. Ra2 Bd7 17. Rab2 b6 18. Qe3 Na5 19. Nd2 d5 20. cxd5 exd5 21.
Be2 Rfe8 22. Qf3 Qd6 23. Rb4 Bf5 24. Ra1 Rac8 25. Re1 h5 26. h3 Nc6 27. Rb5
Qxa3 28. g4 Qa2 29. gxf5 Qxd2 30. Kf1 Ne7 31. fxg6 Kg7 32. c4 Nxg6 33. Rxd5 Nf4
34. Qg3+ Kh8 35. Rd7 Rg8 36. Bg4 Rxc4 37. Bf5 Qxe1+ 38. Kxe1 Ng2+ 39. Ke2 Rxg3
40. fxg3 Rc3 41. Rh7+ Kg8 42. Kf2 Ne3 43. Rxh5 Nxf5 44. Rxf5 Kf7 45. h4 a6 46.
g4 Ke7 47. h5 Rc2+ 48. Kg3 Rd2 49. d5 Rd3+ 50. Kf2 Rc3 51. h6 Rc8 52. h7 Rh8
53. Rh5 Kf7 54. Rh3 Ke7 55. Ke3 f5 56. gxf5 Kd6 57. Kd4 Ke7 58. Rh6 Kf7 59.
Rxb6 Kg7 60. Rb7+ Kf6 61. Ke4 Kg5 62. Rg7+ Kf6 63. Rg6+ Kf7 64. Rxa6 Kg7 65.
f6+ Kxh7 66. f7 Rf8 67. Kf5 Kg7 68. Ra4 Rb8 69. f8=Q+ Rxf8+ 70. Ke6 Rf6+ 71.
Kd7 Rf7+ 72. Kc6 Rf1 73. d6 Rc1+ 74. Kd7 Rd1 75. Kc7 Kf7 76. d7 Rc1+ 77. Kd8
Rd1 78. Ra2 Re1 79. Rc2 Rd1 80. Kc8 Kf6 81. d8=Q+ Rxd8+ 82. Kxd8 Ke5 83. Kd7
Kd5 84. Rc1 Ke5 85. Rc4 Kd5 86. Ra4 Ke5 87. Kc6 Kf6 88. Kd6 Kf5 89. Rb4 Kg6 90.
Ke6 Kg5 91. Ra4 Kg6 92. Ra5 Kg7 93. Rg5+ Kh6 94. Kf6 Kh7 95. Kf7 Kh6 96. Rf5
Kh7 97. Rh5# {Hossa checkmated} 1-0

[Event "ICS rated blitz match"]
[Site "204.178.125.65"]
[Date "2001.01.18"]
[Round "?"]
[White "raakile"]
[Black "Hossa"]
[Result "0-1"]
[WhiteElo "2207"]
[BlackElo "2512"]
[PlyCount "36"]
[EventDate "2001.??.??"]

1. d4 Nf6 2. Nf3 g6 3. g3 Bg7 4. Bg2 d5 5. O-O O-O 6. Nbd2 b6 7. b3 c5 8. e3
Bf5 9. Bb2 Nc6 10. Ne5 Nxe5 11. dxe5 Ng4 12. Nf3 Be4 13. c4 dxc4 14. bxc4 Bd3
15. Re1 Bxc4 16. Nd2 Bd5 17. e4 Bc6 18. h3 Nxe5 {raakile resigns} 0-1

[Event "ICS rated blitz match"]
[Site "204.178.125.65"]
[Date "2001.01.18"]
[Round "?"]
[White "Hossa"]
[Black "IDIOT2"]
[Result "1-0"]
[WhiteElo "2517"]
[BlackElo "1949"]
[PlyCount "63"]
[EventDate "2001.??.??"]

1. e4 e6 2. d4 d5 3. Nd2 dxe4 4. Nxe4 Bd7 5. Nf3 Bc6 6. Ng3 Nf6 7. Bd3 Nbd7 8.
O-O Be7 9. c3 O-O 10. Re1 Re8 11. b3 b6 12. Bb2 Bb7 13. Ng5 h6 14. N5e4 Nxe4
15. Bxe4 Bxe4 16. Nxe4 Nf6 17. Nxf6+ Bxf6 18. Qg4 Qd5 19. c4 Qg5 20. Qf3 Qf5
21. Qxf5 exf5 22. Re3 Rxe3 23. fxe3 c5 24. g3 Rd8 25. Rd1 g5 26. Kg2 f4 27.
gxf4 gxf4 28. Rf1 cxd4 29. Rxf4 Bg7 30. exd4 Kf8 31. Ba3+ Ke8 32. Re4+ {
IDIOT2 resigns} 1-0

[Event "ICS rated standard match"]
[Site "204.178.125.65"]
[Date "2001.01.18"]
[Round "?"]
[White "fasted64"]
[Black "Hossa"]
[Result "0-1"]
[WhiteElo "1900"]
[BlackElo "2305"]
[PlyCount "58"]
[EventDate "2001.??.??"]

1. e4 e5 2. Nf3 Nc6 3. Bb5 a6 4. Ba4 Nf6 5. O-O Be7 6. Bxc6 dxc6 7. Nxe5 Nxe4
8. d4 O-O 9. Re1 Bf5 10. Nd2 Qxd4 11. Nxe4 Qxd1 12. Rxd1 Bxe4 13. Re1 Bxc2 14.
Nxc6 Bd6 15. Nd4 Bd3 16. Be3 Rfe8 17. Rad1 Bb4 18. Bd2 Bxd2 19. Rxe8+ Rxe8 20.
Nf3 Bc4 21. Nxd2 Rd8 22. Re1 Bxa2 23. Ne4 b6 24. h4 h6 25. g4 Rd4 26. f3 Bd5
27. g5 Kh7 28. gxh6 Kxh6 29. Nc3 Bxf3 {fasted64 resigns} 0-1

[Event "ICS rated standard match"]
[Site "204.178.125.65"]
[Date "2001.01.18"]
[Round "?"]
[White "Hossa"]
[Black "zoozo"]
[Result "1-0"]
[WhiteElo "2308"]
[BlackElo "2143"]
[PlyCount "55"]
[EventDate "2001.??.??"]

1. e4 c5 2. Nf3 d6 3. d4 cxd4 4. Nxd4 Nf6 5. Nc3 a6 6. a4 Nc6 7. Bc4 e6 8. O-O
Be7 9. Nxc6 bxc6 10. Bg5 O-O 11. a5 Qc7 12. Qd2 d5 13. exd5 cxd5 14. Bb3 Bb7
15. Rfe1 Rac8 16. Bf4 Bd6 17. Bxd6 Qxd6 18. Qd4 Rfe8 19. Qb6 Qxb6 20. axb6 d4
21. Ne2 e5 22. Ng3 e4 23. Nf5 Rcd8 24. Rad1 d3 25. cxd3 Rxd3 26. Bc4 Rxd1 27.
Rxd1 Rc8 28. Ne7+ {zoozo resigns} 1-0

[Event "ICS rated standard match"]
[Site "204.178.125.65"]
[Date "2001.01.18"]
[Round "?"]
[White "waspy"]
[Black "Hossa"]
[Result "0-1"]
[WhiteElo "2151"]
[BlackElo "2317"]
[PlyCount "190"]
[EventDate "2001.??.??"]

1. e4 c5 2. Nf3 d6 3. d4 cxd4 4. Nxd4 Nf6 5. Nc3 a6 6. Bc4 e6 7. O-O Be7 8. a4
O-O 9. Bb3 Nc6 10. Kh1 Na5 11. f4 d5 12. e5 Ne4 13. Nxe4 dxe4 14. c3 Nxb3 15.
Qxb3 Qd5 16. Qxd5 exd5 17. Be3 Re8 18. h3 Bd7 19. Rfd1 h5 20. a5 g6 21. Nb3 Bb5
22. Nc5 Bc4 23. b4 Bxc5 24. Bxc5 g5 25. fxg5 Rxe5 26. Be3 Kh7 27. Kg1 Rg8 28.
Rd2 Rf5 29. Rf2 Rxf2 30. Kxf2 Kg6 31. Rd1 Kf5 32. Rg1 Rh8 33. h4 Kg4 34. g3 Rc8
35. Bd4 Re8 36. Ke3 Re6 37. Bf6 Rc6 38. Bd4 Rg6 39. Be5 Rg8 40. Bf6 Rf8 41. Be5
Kf5 42. Bd4 Rc8 43. Rg2 Kg4 44. Rg1 Bb5 45. Be5 Bd3 46. Bd4 Rg8 47. Be5 Re8 48.
Bd4 Re6 49. Bf6 b5 50. Bd4 Re8 51. Bf6 Bc4 52. Bd4 Rg8 53. Be5 Rc8 54. Bd4 Rc7
55. Be5 Re7 56. Bf6 Re6 57. Bd4 Rd6 58. Be5 Rc6 59. Bd4 Ba2 60. Be5 Re6 61. Bd4
Re7 62. Bf6 Re8 63. Bd4 Bb3 64. Bf6 Ba4 65. Bd4 Bc2 66. Bf6 Re6 67. Bd4 Re7 68.
Bf6 Rd7 69. Bd4 Bb3 70. Be5 Re7 71. Bd4 Ba4 72. Bf6 Re6 73. Bd4 Rg6 74. Be5 Bb3
75. Bd4 Bc4 76. Bf6 Ba2 77. Kf2 Rg8 78. Ke3 Rf8 79. Bg7 Rd8 80. Bf6 Rd7 81. Be5
Bc4 82. Bd4 Rd8 83. Be5 Kf5 84. Bd4 Rd7 85. Rg2 Kg6 86. Rf2 Rd6 87. Rf4 Rc6 88.
Be5 Re6 89. Bd4 Bb3 90. Rf2 Bd1 91. Rf4 Bg4 92. Rf2 Bf3 93. Kf4 e3 94. Bxe3 Bg4
95. Bd4 Re4# {waspy checkmated} 0-1

[Event "ICS rated standard match"]
[Site "204.178.125.65"]
[Date "2001.01.18"]
[Round "?"]
[White "Hossa"]
[Black "waspy"]
[Result "1-0"]
[WhiteElo "2326"]
[BlackElo "2142"]
[PlyCount "80"]
[EventDate "2001.??.??"]

1. Nf3 Nf6 2. c4 c5 3. Nc3 g6 4. e4 d6 5. Be2 Bg7 6. d4 cxd4 7. Nxd4 O-O 8. O-O
a6 9. Be3 Nbd7 10. Qd2 Nc5 11. f3 Bd7 12. Nc2 Rc8 13. b3 Re8 14. Bh6 Bh8 15.
Rab1 Bc6 16. Nd5 e6 17. Ndb4 Qe7 18. Nxc6 Rxc6 19. Rfd1 e5 20. Nb4 Rb6 21. Bg5
Qd8 22. Nd5 Rc6 23. Rb2 Ne6 24. Bh4 Nd4 25. Bd3 Re6 26. Bg5 Rc8 27. a4 Qe8 28.
Rbb1 Nd7 29. Bh6 Nf6 30. Qb4 Qc6 31. Kh1 Nd7 32. Rb2 b6 33. Bg5 a5 34. Qd2 f6
35. Be3 Nc5 36. Bxd4 exd4 37. Bb1 Rce8 38. Qf2 f5 39. exf5 Re5 40. fxg6 hxg6 {
waspy resigns} 1-0

[Event "ICS rated blitz match"]
[Site "204.178.125.65"]
[Date "2001.01.18"]
[Round "?"]
[White "grbavica"]
[Black "Hossa"]
[Result "0-1"]
[WhiteElo "1994"]
[BlackElo "2522"]
[PlyCount "52"]
[EventDate "2001.??.??"]

1. d4 Nf6 2. Nf3 g6 3. g3 Bg7 4. Bg2 d5 5. O-O O-O 6. c3 Bf5 7. Bf4 Na6 8. h3
c6 9. Re1 Qd7 10. Kh2 Nh5 11. Be5 f6 12. Bf4 Nxf4 13. gxf4 Qc7 14. e3 e5 15.
fxe5 fxe5 16. Nxe5 Bxe5+ 17. dxe5 Qxe5+ 18. f4 Qe7 19. Nd2 Nc5 20. Nf3 Be4 21.
Ne5 Bxg2 22. Kxg2 Ne4 23. Qf3 Qh4 24. Rad1 Rae8 25. Re2 Rxe5 26. Qg4 Rg5 {
grbavica resigns} 0-1

[Event "ICS rated blitz match"]
[Site "204.178.125.65"]
[Date "2001.01.18"]
[Round "?"]
[White "Hossa"]
[Black "manjenosi"]
[Result "1-0"]
[WhiteElo "2523"]
[BlackElo "1956"]
[PlyCount "81"]
[EventDate "2001.??.??"]

1. e4 c5 2. c3 d6 3. d4 cxd4 4. cxd4 g6 5. Nf3 Bg7 6. Nc3 Nc6 7. d5 Ne5 8. Bb5+
Bd7 9. O-O Nf6 10. Nxe5 dxe5 11. Bxd7+ Nxd7 12. Be3 O-O 13. Rc1 a6 14. Qd2 Rc8
15. Bh6 Nf6 16. Bxg7 Kxg7 17. Qg5 Qd6 18. Rc2 h6 19. Qe3 Nh5 20. Qa7 b5 21.
Rfc1 Rc7 22. Qe3 Rfc8 23. a3 Nf4 24. g3 Nh3+ 25. Kh1 Qf6 26. Kg2 Ng5 27. h4 Nh7
28. Kg1 Nf8 29. b4 Nd7 30. Qe2 Nb6 31. h5 Nc4 32. Na4 Qg5 33. Nb6 Nxb6 34. Rxc7
Qxc1+ 35. Rxc1 Rxc1+ 36. Kg2 Nc4 37. hxg6 fxg6 38. Qg4 Rc2 39. Qe6 Ne3+ 40. Kf3
Nc4 41. Qxe7+ {manjenosi resigns} 1-0

[Event "ICS rated standard match"]
[Site "204.178.125.65"]
[Date "2001.01.18"]
[Round "?"]
[White "Hossa"]
[Black "BrazilianMaster"]
[Result "1/2-1/2"]
[WhiteElo "2334"]
[BlackElo "2618"]
[PlyCount "186"]
[EventDate "2001.??.??"]

1. e4 e5 2. Nf3 d6 3. d4 exd4 4. Qxd4 Nf6 5. e5 dxe5 6. Qxd8+ Kxd8 7. Nxe5 Be6
8. Bc4 Bxc4 9. Nxc4 Bb4+ 10. c3 Bc5 11. O-O Nbd7 12. b4 Be7 13. a4 Nb6 14. Ne5
Rf8 15. a5 Nbd5 16. a6 b6 17. Rd1 Bd6 18. Nc6+ Kd7 19. b5 Ne7 20. Nxe7 Kxe7 21.
Bg5 Ke6 22. Re1+ Kf5 23. Bxf6 Kxf6 24. Nd2 Bf4 25. Ne4+ Kf5 26. g3 Be5 27. Re3
Rfd8 28. Rae1 Rd5 29. Rf3+ Kg6 30. c4 Rd4 31. Nc3 f6 32. Re4 Rxe4 33. Nxe4 Rd8
34. Nc3 Rd4 35. Nd5 Bd6 36. Rc3 Rd2 37. Kg2 Kf7 38. Rc1 Ke6 39. Re1+ Kd7 40.
Kf3 Bc5 41. Ne3 c6 42. Rb1 h5 43. h3 g6 44. h4 cxb5 45. cxb5 g5 46. hxg5 fxg5
47. Rh1 g4+ 48. Ke4 Ke6 49. Nf5 Re2+ 50. Ne3 Rxf2 51. Rxh5 Re2 52. Re5+ Kf6 53.
Kd3 Rxe3+ 54. Rxe3 Bxe3 55. Kxe3 Ke5 56. Kd3 Kd5 57. Ke3 Kc4 58. Kf4 Kxb5 59.
Kxg4 Ka4 60. Kf4 b5 61. g4 b4 62. g5 b3 63. g6 b2 64. g7 b1=Q 65. g8=Q Qf1+ 66.
Ke3 Qe1+ 67. Kd3 Qb1+ 68. Kd2 Qb4+ 69. Kd3 Qd6+ 70. Ke4 Qc6+ 71. Qd5 Qxd5+ 72.
Kxd5 Kb5 73. Kd4 Kxa6 74. Ke4 Kb5 75. Kd3 Kb4 76. Kc2 Ka3 77. Kc3 a5 78. Kc4 a4
79. Kc3 Ka2 80. Kc2 a3 81. Kc1 Kb3 82. Kb1 Ka4 83. Kc1 Ka5 84. Kc2 Kb4 85. Kb1
Kb5 86. Kc1 Kc5 87. Kc2 Kc4 88. Kb1 Kb3 89. Ka1 Ka4 90. Kb1 Kb4 91. Kc1 Kc3 92.
Kb1 Kb3 93. Ka1 a2 {Hossa stalemated} 1/2-1/2

[Event "ICS rated standard match"]
[Site "204.178.125.65"]
[Date "2001.01.18"]
[Round "?"]
[White "BrazilianMaster"]
[Black "Hossa"]
[Result "1-0"]
[WhiteElo "2607"]
[BlackElo "2345"]
[PlyCount "95"]
[EventDate "2001.??.??"]

1. c4 c6 2. d4 Nf6 3. Nc3 d5 4. e3 Bf5 5. cxd5 cxd5 6. Qb3 Bc8 7. Nf3 e6 8. Ne5
Nbd7 9. Nxd7 Nxd7 10. Bd3 Be7 11. Qc2 Nf6 12. Bd2 Bd7 13. O-O Bc6 14. f3 Rc8
15. Nb5 Qb6 16. Qb3 O-O 17. a4 a6 18. a5 Qd8 19. Na7 Ra8 20. Nxc6 bxc6 21. Rfc1
Qd7 22. Qb6 c5 23. dxc5 Rfb8 24. c6 Qe8 25. c7 Rc8 26. Bxa6 Nd7 27. Qb5 Rxa6
28. Qxa6 Ne5 29. Qxc8 Qxc8 30. a6 Nd7 31. a7 Nb6 32. a8=Q Nxa8 33. Rxa8 Qxa8
34. c8=Q+ Qxc8 35. Rxc8+ Bf8 36. Bb4 g5 37. Bxf8 f6 38. b4 Kf7 39. b5 d4 40.
exd4 e5 41. b6 exd4 42. b7 g4 43. b8=Q gxf3 44. Rc7+ Kg6 45. Qe8+ Kg5 46. Rg7+
Kf5 47. g4+ Kf4 48. Bd6# {Hossa checkmated} 1-0

[Event "ICS rated blitz match"]
[Site "204.178.125.65"]
[Date "2001.01.18"]
[Round "?"]
[White "Hossa"]
[Black "grbavica"]
[Result "1-0"]
[WhiteElo "2527"]
[BlackElo "1938"]
[PlyCount "41"]
[EventDate "2001.??.??"]

1. e4 e6 2. d4 d5 3. Nd2 dxe4 4. Nxe4 Nd7 5. Bb5 c6 6. Bd3 Ngf6 7. Nxf6+ Nxf6
8. Nf3 Be7 9. O-O O-O 10. Be3 b6 11. c3 Bb7 12. Qc2 Rc8 13. Bg5 h6 14. Bxf6
Bxf6 15. Rad1 Qe7 16. Rfe1 Rfd8 17. Ne5 Bxe5 18. Rxe5 c5 19. dxc5 Rxc5 20. Rxc5
Qxc5 21. Bh7+ {grbavica resigns} 1-0

[Event "ICS rated blitz match"]
[Site "204.178.125.65"]
[Date "2001.01.18"]
[Round "?"]
[White "grbavica"]
[Black "Hossa"]
[Result "0-1"]
[WhiteElo "1937"]
[BlackElo "2528"]
[PlyCount "60"]
[EventDate "2001.??.??"]

1. d4 Nf6 2. Nf3 g6 3. g3 Bg7 4. Bg2 d5 5. O-O O-O 6. c4 dxc4 7. Na3 Nc6 8.
Nxc4 Bf5 9. b3 Ne4 10. Bb2 Re8 11. Rc1 Bh6 12. e3 Nb4 13. a3 Na2 14. Ra1 Nac3
15. Qe1 Nd5 16. Rc1 Ndf6 17. h3 Qc8 18. Kh2 Rd8 19. Qe2 c6 20. b4 Qd7 21. Rfd1
Qc7 22. Nce5 Be6 23. Qc2 Nd6 24. Nd2 Bf5 25. e4 Bxd2 26. exf5 Bxc1 27. Qxc1
Nxf5 28. g4 Nxd4 29. Rxd4 Qxe5+ 30. Rf4 Qd6 {grbavica resigns} 0-1

[Event "ICS rated blitz match"]
[Site "204.178.125.65"]
[Date "2001.01.18"]
[Round "?"]
[White "Hossa"]
[Black "grbavica"]
[Result "1-0"]
[WhiteElo "2529"]
[BlackElo "1936"]
[PlyCount "45"]
[EventDate "2001.??.??"]

1. e4 e6 2. d4 d5 3. Nd2 dxe4 4. Nxe4 Nd7 5. Bb5 c6 6. Bd3 Ngf6 7. Nxf6+ Nxf6
8. Nf3 Be7 9. O-O b6 10. Bf4 Bb7 11. c3 O-O 12. Qc2 Rc8 13. Bg5 h6 14. Bxf6
Bxf6 15. Rad1 Qc7 16. Rfe1 Rfd8 17. Bh7+ Kf8 18. Be4 c5 19. Bxb7 Qxb7 20. dxc5
bxc5 21. Nd2 Kg8 22. Nc4 Rd5 23. Nd6 {grbavica resigns} 1-0

[Event "ICS rated blitz match"]
[Site "204.178.125.65"]
[Date "2001.01.18"]
[Round "?"]
[White "grbavica"]
[Black "Hossa"]
[Result "0-1"]
[WhiteElo "1935"]
[BlackElo "2530"]
[PlyCount "58"]
[EventDate "2001.??.??"]

1. d4 Nf6 2. Nf3 g6 3. g3 Bg7 4. Bg2 d5 5. O-O O-O 6. c4 dxc4 7. Na3 Nc6 8.
Nxc4 Bf5 9. b3 Ne4 10. Bb2 Re8 11. Rc1 Bh6 12. e3 Nb4 13. a3 Na2 14. Ra1 Nac3
15. Qe1 Nd5 16. Rc1 Ndf6 17. h3 Qc8 18. Kh2 Rd8 19. Qe2 c6 20. Rfd1 Bg7 21. b4
Rb8 22. Nfe5 Ng5 23. g4 Be6 24. f3 Bxc4 25. Rxc4 Nd5 26. Nd3 Qe6 27. Re1 Nxe3
28. Nf4 Qxc4 29. Qxe3 Bxd4 {grbavica resigns} 0-1

[Event "ICS rated blitz match"]
[Site "204.178.125.65"]
[Date "2001.01.18"]
[Round "?"]
[White "grbavica"]
[Black "Hossa"]
[Result "0-1"]
[WhiteElo "1933"]
[BlackElo "2531"]
[PlyCount "52"]
[EventDate "2001.??.??"]

1. d4 d5 2. Nf3 Nf6 3. g3 Bg4 4. Bg2 c6 5. O-O e6 6. c4 dxc4 7. Ne5 Bf5 8. Nc3
Bb4 9. Nxc4 O-O 10. Bg5 h6 11. Bxf6 Qxf6 12. e4 Bh7 13. e5 Qd8 14. Ne4 Na6 15.
a3 Be7 16. b4 Qd7 17. Qd2 Bxe4 18. Bxe4 Nc7 19. h4 Rfd8 20. Rfd1 Nb5 21. Qe3
Rab8 22. Rd2 Nxd4 23. Rad1 c5 24. h5 b6 25. Bb1 Qd5 26. Qd3 Nf3+ {
grbavica resigns} 0-1

[Event "ICS rated standard match"]
[Site "204.178.125.65"]
[Date "2001.01.18"]
[Round "?"]
[White "waspy"]
[Black "Hossa"]
[Result "0-1"]
[WhiteElo "2134"]
[BlackElo "2339"]
[PlyCount "228"]
[EventDate "2001.??.??"]

1. e4 e5 2. Nf3 Nf6 3. Nxe5 d6 4. Nf3 Nxe4 5. d3 Nf6 6. d4 d5 7. Bd3 Bd6 8. O-O
O-O 9. h3 Re8 10. Nc3 c6 11. Ne2 Ne4 12. Bf4 Bxf4 13. Nxf4 Qd6 14. Ne2 Bf5 15.
Nc3 Nd7 16. Nh4 Be6 17. Bxe4 dxe4 18. Re1 f5 19. g3 Nb6 20. Ng2 Qb4 21. Rb1
Rad8 22. Ne2 Bxa2 23. Ra1 Qxb2 24. Qc1 Qxc1 25. Nxc1 Bc4 26. Rxa7 Ba6 27. Nb3
Nc4 28. Ne3 Nd6 29. Ra1 Nb5 30. R7xa6 bxa6 31. Rxa6 f4 32. gxf4 Nxd4 33. Nxd4
Rxd4 34. Rxc6 Red8 35. Kg2 R4d6 36. Rc4 Rg6+ 37. Kf1 Re6 38. f5 Rh6 39. Kg2 Re8
40. Ng4 Rd6 41. Kg3 h5 42. Ne3 Rd2 43. h4 Kf8 44. Rc5 Kf7 45. Ng2 Rd1 46. Ne3
Rg1+ 47. Kf4 Rh1 48. Kg3 Re1 49. Rc7+ Re7 50. Rc4 Rg1+ 51. Kf4 Rh1 52. Kg3 Ke8
53. Rd4 Kf8 54. c4 Kf7 55. Rd6 Re8 56. Rd4 Rb1 57. Kf4 Re1 58. Rd7+ Re7 59. Rd2
Rh1 60. Kg3 Rg1+ 61. Kf4 Re8 62. Rd4 Ra1 63. Rd7+ Re7 64. Rd2 Rb7 65. Rc2 Rh1
66. Kxe4 Rxh4+ 67. Kf3 Kf6 68. c5 Ke5 69. c6 Rc7 70. Kg3 Rb4 71. Rc5+ Kd6 72.
Rc1 Rxc6 73. Rh1 h4+ 74. Rxh4 Rxh4 75. Kxh4 Ke5 76. Kg4 Rc1 77. Kf3 Rh1 78. Kg2
Rh8 79. Kf3 Rd8 80. Kg3 Ke4 81. Kg4 Rd2 82. Kg3 Rb2 83. Kg2 Rb7 84. Kg3 Rb1 85.
Kg2 Rb6 86. Kg3 Ra6 87. Kg4 Ra1 88. Kg3 Rh1 89. Kg2 Rh4 90. Kg3 Rh5 91. Kg4 Rh1
92. Kg3 Rc1 93. Kg2 Rb1 94. Kg3 Rg1+ 95. Ng2 Kxf5 96. Kf3 Rc1 97. Ne3+ Ke5 98.
Ng4+ Kd4 99. Ne3 Rc7 100. Ng4 Rf7+ 101. Kg3 Ke4 102. Ne3 Rf6 103. Ng4 Rg6 104.
f3+ Kf5 105. Kf2 Rxg4 106. fxg4+ Kxg4 107. Kg2 g5 108. Kf2 Kh3 109. Kf3 g4+
110. Kf2 g3+ 111. Kg1 g2 112. Kf2 Kh2 113. Kf3 g1=Q 114. Kf4 Qc5 {waspy resigns
} 0-1

[Event "ICS rated blitz match"]
[Site "204.178.125.65"]
[Date "2001.01.18"]
[Round "?"]
[White "Hossa"]
[Black "Alfonzo"]
[Result "1-0"]
[WhiteElo "2532"]
[BlackElo "1900"]
[PlyCount "51"]
[EventDate "2001.??.??"]

1. e4 b6 2. d4 Bb7 3. Bd3 f5 4. d5 e6 5. exf5 Nf6 6. fxe6 dxe6 7. Nf3 Be7 8.
dxe6 O-O 9. O-O Ng4 10. Ng5 Bxg5 11. Qxg4 Bxc1 12. Rxc1 Qf6 13. Rf1 Nc6 14. Qe4
g6 15. Bc4 Ne7 16. Qxb7 Qxb2 17. Nd2 Qxc2 18. Qxc7 Rae8 19. Nf3 Qf5 20. Qxa7
Qg4 21. Bb5 Nd5 22. Bxe8 Nf4 23. Bf7+ Kh8 24. Nh4 Qxh4 25. e7 Qg5 26. exf8=Q# {
Alfonzo checkmated} 1-0

[Event "ICS rated blitz match"]
[Site "204.178.125.65"]
[Date "2001.01.18"]
[Round "?"]
[White "Hossa"]
[Black "PostModernist"]
[Result "0-1"]
[WhiteElo "2533"]
[BlackElo "2528"]
[PlyCount "164"]
[EventDate "2001.??.??"]

1. e4 c5 2. c3 Nf6 3. e5 Nd5 4. d4 cxd4 5. Nf3 Nc6 6. Bc4 Nb6 7. Bb3 d5 8. exd6
Qxd6 9. Na3 dxc3 10. Qxd6 exd6 11. Nb5 Rb8 12. bxc3 a6 13. Be3 Nd7 14. Nc7+ Kd8
15. Nd5 f6 16. Rd1 b5 17. O-O Na5 18. Nb4 Bb7 19. Bd5 Ra8 20. Nd4 Kc8 21. Ne6
Bxd5 22. Nxd5 Kb7 23. Rfe1 Rc8 24. a4 bxa4 25. Rd4 Rc4 26. Rd2 Nb3 27. Rb2 Re4
28. Nd8+ Kc8 29. Nf7 Rg8 30. f3 Re8 31. Ra2 Ndc5 32. Nb6+ Kc7 33. Nd5+ Kc6 34.
Rd1 a5 35. g3 Ra8 36. Re2 a3 37. Bf2 Nd3 38. c4 Nb2 39. Rde1 Nxc4 40. Rd1 Nbd2
41. Be3 Nxe3 42. Rxe3 a2 43. Rd3 Nxf3+ 44. Kg2 Rb8 45. Rc1+ Kd7 46. Kxf3 Ke8
47. Nh6 gxh6 48. Ra1 Kf7 49. Rxa2 Rb5 50. Rd4 Rg5 51. Rad2 a4 52. h4 Re5 53.
Nc7 Rb7 54. Nd5 a3 55. Rf4 Rb3+ 56. Kg2 Rb2 57. Rxb2 axb2 58. Nc3 Re2+ 59. Rf2
Rxf2+ 60. Kxf2 h5 61. Ke2 d5 62. Kd3 Bb4 63. Nb1 Bd6 64. Kc2 Bxg3 65. Nc3 Ke6
66. Na4 Be5 67. Kb1 Bd4 68. Kc2 Kf5 69. Nxb2 Bxb2 70. Kxb2 d4 71. Kc2 Ke4 72.
Kd2 f5 73. Kd1 f4 74. Kc2 d3+ 75. Kb3 f3 76. Kb2 f2 77. Kc3 f1=Q 78. Kc4 d2+
79. Kc5 d1=Q 80. Kb4 Qd4+ 81. Kb3 Qfc4+ 82. Ka3 Qdc3# {Hossa checkmated} 0-1